00572nam a2200169Ia 4500008004000000020001800040082001700058100002000075245003300095260004400128300001100172650002600183690002200209906001100231999001700242952014300259210210b1991 xxu||||| |||| 00| 0 eng d a81 7018 701 X a324.954 BHAE aBHAMBHRI (C P). aElections 1991: an analysis. aDelhibB R Publishing Corporationc1991 axi,258 aIndian elections 1991 aPolitical Process a045335 c94554d94554 001040708Political ScienceaALbALcPolitical Scienced2021-02-17g120.00l0o324.954 BHAEp045335r2021-02-17 00:00:00w2021-02-17yBK